| 000 | 01000nab a2200205 i 4500 | ||
|---|---|---|---|
| 001 | 768714001 | ||
| 003 | CO-MdFUSB | ||
| 005 | 20240508165307.0 | ||
| 008 | 240507t1967 sp ||||| |||| 00| 0 spa d | ||
| 040 |
_bspa _cCO-MdFUSB _dCO-MdFUSB |
||
| 041 | _aspa | ||
| 100 |
_aMoeller, Charles, _eautor |
||
| 245 | 3 |
_aLa teología de la incredulidad y la acción salvífica de la iglesia _c/ Charles Moelller |
|
| 520 | _aTeología de la incredulidad, que es lo contrario de la teología, o doctrina sobre Dios. Analizar el sentido que puede tener para el creyente, más particularmente para un cristiano que vive dentro de la Iglesia, el hecho de la incredulidad o del ateísmo. | ||
| 650 | 7 |
_aTeología pastoral _9227 |
|
| 650 | 0 |
_aCristianismo y ateísmo. _91246 |
|
| 773 | 0 |
_049450 _982583 _oR2513 _tRevista internacional de teología Concilium _w(CO-MdFUSB)8 _x0210-1041 _gNúmero 23, (marzo, 1967), páginas: 402 - 421 _qpágina: 402 |
|
| 942 | _cANA | ||
| 945 | _aCatherine Arias Alvarez - Practicante SENA | ||
| 999 |
_c69568 _d69568 |
||